000 00690nam a2200217Ia 4500
003 GCL
008 140319s9999 xx 000 0 ara d
040 _aGCL /
_cGCL
082 0 4 _a275.209
_bص د
100 1 _aصموئيل حبيب
245 1 0 _aدارسة فى الموعظة على الجبل /
_cصموئيل حبيب
260 _a[S.N] :
_bدار الثقافة العربية ،
_c1990
300 _a96 ص
490 _aسلسلة كتب الدراسة الكتابية
_v0
650 0 4 _aالعهد الجديد
650 0 4 _aالانجيل
650 0 4 _aعبادات
650 0 4 _aالدين المسيحى
650 0 4 _aالاخلاق المسيحية
942 _2ddc
_cBK
999 _c58677
_d58677